000 00625nam a2200181 u 4500
001 000603632
003 AM-YeHGA
005 20250617135411.0
008 081008s1974 |||| |||||||||| | rus c
040 _aAM-YeHGA
041 0 _arus
100 1 _aБоярский, Арон Яковлевич.
245 1 0 _aТеоретические исследования по статистике :
_bСборник научных трудов /
_cА.Я. Боярский.
260 _aМосква :
_bСтатистика,
_c1974.
300 _a302 с. ;
_c22 см.
650 1 4 _aՎիճակագրություն
090 _c201160
999 _c199676
_d199676